Знание марки Audi - Statistics

General Stats
  • This quiz has been taken 145 times
    59 since last reset
  • The average score is 8 of 10
Answer Stats
Picture Hint Answer % Correct
А1 A1
96%
А3 A3
95%
А4 A4
95%
А5 A5
93%
А6 A6
93%
ТТ TT
91%
А7 A7
89%
С3 S3
65%
С4 S4
63%
РС3 RS3
61%
No matching quizzes found
Score Distribution
Percent of People with Each Score
Percentile by Number Answered
Your Score History
You have not taken this quiz since the last reset